Wykluczanie gmin województwa podkarpackiego według kategorii - Statystyki

Ogólne statystyki
  • Ten quiz został rozwiązany 16 razy
  • Średni wynik to 13 z 20
Statystyki odpowiedzi
# % Poprawnych
Niebieskie kategorie 106 Gmina wiejska
93%
Niebieskie kategorie 61 ...która ma 10 lub więcej miejscowości
80%
Żółte kategorie 128 Nie leży w powiecie graniczącym z Ukrainą
80%
Żółte kategorie 119 ...nie jest również w powiecie przeworskim
80%
Pomarańczowe kategorie 95 Leży całkowicie na południe od gminy Kolbuszowa
73%
Pomarańczowe kategorie 77 ...nie graniczy z innym państwem lub województwem
73%
Pomarańczowe kategorie 52 ...nazwa gminy zaczyna się na literę z przedziału G-T
73%
Pomarańczowe kategorie 10 ...posiada tylko 1 lub 2 miejscowości
73%
Żółte kategorie 28 ...jest gminą miejsko-wiejską
73%
Zielone kategorie 131 Gmina mająca przynajmniej 5 miejscowości
73%
Zielone kategorie 88 ...oddalona od centrum Rzeszowa o przynajmniej 35 km
73%
Zielone kategorie 60 ...nie graniczy z województwem małopolskim, świętokrzyskim, ani lubelskim
73%
Zielone kategorie 56 ...nie leży w Bieszczadach
73%
Żółte kategorie 20 ...w 1938 należała do województwa lwowskiego (mogła wtedy nosić inną nazwę)
67%
Zielone kategorie 1 ... i ma swoją siedzibę w innym powiecie Przemyśl (gmina wiejska)
53%
Niebieskie kategorie 12 ...nazwa zawiera 10 lub więcej liter
47%
Żółte kategorie 1 ...miasto w tej gminie otrzymało prawa miejskie po 2005 roku Boguchwała
47%
Niebieskie kategorie 4 ...nazwa składa się z tylko jednego członu
40%
Pomarańczowe kategorie 1 ...i nie jest miastem Krościenko Wyżne
40%
Niebieskie kategorie 1 ...nie leży w powiecie jarosławskim bądź rzezowskim Wojaszówka
40%
Nie znaleziono quizów pasujących do podanych kryteriów
Rozkład punktacji
Procent ludzi z każdym wynikiem
Percentyl według liczby udzielonych odpowiedzi
Twoja historia wyników
Nie rozwiązałeś tego quizu